Search the Library Catalogue
| 000 -LEADER | |
|---|---|
| fixed length control field | 00603nam a2200169Ia 4500 |
| 008 - FIXED-LENGTH DATA ELEMENTS--GENERAL INFORMATION | |
| fixed length control field | 260225s9999 xx 000 0 und d |
| 020 ## - INTERNATIONAL STANDARD BOOK NUMBER | |
| ISBN | 9780415378628 |
| 082 ## - DEWEY DECIMAL CLASSIFICATION NUMBER | |
| Classification number | 338.74 |
| Item number | THO |
| 100 ## - MAIN ENTRY--AUTHOR NAME | |
| Personal name | Thomas, W. A. |
| 245 #0 - TITLE STATEMENT | |
| Title | The Finance of British Industry, 1918-1976 / |
| Statement of responsibility, etc | Thomas, W. A. |
| 260 ## - PUBLICATION, DISTRIBUTION, ETC. (IMPRINT) | |
| Name of publisher | Taylor & Francis US, |
| Year of publication | 2005 |
| 300 ## - PHYSICAL DESCRIPTION | |
| Number of Pages | 376 pages |
| 520 ## - SUMMARY, ETC. | |
| Summary, etc | This is a clear and objective account of the trends in finance since the First World War. A well-documented book, it will be an essential reference work. |
| 650 ## - SUBJECT ADDED ENTRY--TOPICAL TERM | |
| Topical Term | Business & Economics |
| 942 ## - ADDED ENTRY ELEMENTS (KOHA) | |
| Koha item type | English Books |
| Withdrawn status | Lost status | Damaged status | Not for loan | Home library | Current library | Shelving location | Date acquired | Full call number | Accession Number | Price effective from | Koha item type |
|---|---|---|---|---|---|---|---|---|---|---|---|
| Anna Centenary Library | Anna Centenary Library | 4TH FLOOR, A WING | 25.02.2026 | 338.74 THO | 147719 | 25.02.2026 | English Books |